000
00273nam a2200109Ia 4500
008
200302s9999 xx 000 0 und d
100
_a
Richard Fellows
245
_a
Edwardin Civic Building And Their Details
260
_b
Architectural Press
260
_c
1999
300
_a
129
999
_c
4666
_d
4666